5HLuxD.jpg

KING HENRY VIII SENIOR AND PRIMARY SCHOOL LIBRARY OPAC

Lovely war / (Record no. 1081)

000 -LEADER
fixed length control field 02061cam a2200397 i 4500
001 - CONTROL NUMBER
control field (Sirsi) a1129005
003 - CONTROL NUMBER IDENTIFIER
control field OSt
005 - DATE AND TIME OF LATEST TRANSACTION
control field 20210528113207.0
008 - FIXED-LENGTH DATA ELEMENTS--GENERAL INFORMATION
fixed length control field 190823t20192019nyu d b 000 1 eng d
020 ## - INTERNATIONAL STANDARD BOOK NUMBER
International Standard Book Number 9780147512970
040 ## - CATALOGING SOURCE
Original cataloging agency NZLEP
Language of cataloging eng
Description conventions rda
Transcribing agency NZLEP
Modifying agency IKG
-- TXMAL
-- T2D
-- DPL
-- UAB
-- OJ4
-- TNH
-- MOS
-- ILC
-- OCP
-- HIR
-- UAB
-- OCLCF
-- LNC
-- OCLCO
-- WSD
-- CG4
-- OCLCO
-- JTH
-- OUN
-- TAE
-- KH8
042 ## - AUTHENTICATION CODE
Authentication code nbic
082 ## - DEWEY DECIMAL CLASSIFICATION NUMBER
Classification number FIC BER
100 1# - MAIN ENTRY--PERSONAL NAME
Personal name Berry, Julie,
Dates associated with a name 1974-
Relator term author.
245 10 - TITLE STATEMENT
Title Lovely war /
Statement of responsibility, etc. Julie Berry.
264 #1 - PRODUCTION, PUBLICATION, DISTRIBUTION, MANUFACTURE, AND COPYRIGHT NOTICE
Place of production, publication, distribution, manufacture New York :
Name of producer, publisher, distributor, manufacturer Viking,
Date of production, publication, distribution, manufacture, or copyright notice 2019.
264 #4 - PRODUCTION, PUBLICATION, DISTRIBUTION, MANUFACTURE, AND COPYRIGHT NOTICE
Date of production, publication, distribution, manufacture, or copyright notice ©2019.
300 ## - PHYSICAL DESCRIPTION
Extent 468 pages ;
Dimensions 24 cm.
336 ## - CONTENT TYPE
Content type term text
Content type code txt
Source rdacontent.
337 ## - MEDIA TYPE
Media type term unmediated
Media type code n
Source rdamedia.
338 ## - CARRIER TYPE
Carrier type term volume
Carrier type code nc
Source rdacarrier.
504 ## - BIBLIOGRAPHY, ETC. NOTE
Bibliography, etc. note Includes bibliographical references (pages 465-466)
520 ## - SUMMARY, ETC.
Summary, etc. In the perilous days of World Wars I and II, the gods hold the fates-- and the hearts-- of four mortals in their hands. They are Hazel, James, Aubrey, and Colette. A classical pianist from London, a British would-be architect-turned-soldier, a Harlem-born ragtime genius in the U.S. Army, and a Belgian orphan with a gorgeous voice and a devastating past. Their story, as told by goddess Aphrodite to her husband, Hephaestus, and her lover, Ares, is filled with hope and heartbreak, prejudice and passion, and reveals that, though War is a formidable force, it's no match for the transcendent power of Love. -- adapted from jacket.
521 1# - TARGET AUDIENCE NOTE
Target audience note Ages 13-18.
600 00 - SUBJECT ADDED ENTRY--PERSONAL NAME
Personal name Aphrodite
Titles and other words associated with a name (Greek deity)
Form subdivision Juvenile fiction.
650 #0 - SUBJECT ADDED ENTRY--TOPICAL TERM
Topical term or geographic name entry element World War, 1914-1918
Form subdivision Juvenile fiction.
650 #0 - SUBJECT ADDED ENTRY--TOPICAL TERM
Topical term or geographic name entry element World War, 1939-1945
Form subdivision Juvenile fiction.
650 #0 - SUBJECT ADDED ENTRY--TOPICAL TERM
Topical term or geographic name entry element Storytelling
Form subdivision Juvenile fiction.
650 #0 - SUBJECT ADDED ENTRY--TOPICAL TERM
Topical term or geographic name entry element Man-woman relationships
Form subdivision Juvenile fiction.
650 #0 - SUBJECT ADDED ENTRY--TOPICAL TERM
Topical term or geographic name entry element Racism
Geographic subdivision United States
General subdivision History
Chronological subdivision 20th century
Form subdivision Juvenile fiction.
650 #0 - SUBJECT ADDED ENTRY--TOPICAL TERM
Topical term or geographic name entry element Racism
Geographic subdivision Europe
General subdivision History
Chronological subdivision 20th century
Form subdivision Juvenile fiction.
650 #0 - SUBJECT ADDED ENTRY--TOPICAL TERM
Topical term or geographic name entry element Mythology, Greek
Form subdivision Juvenile fiction.
650 #0 - SUBJECT ADDED ENTRY--TOPICAL TERM
Topical term or geographic name entry element Gods, Greek
Form subdivision Juvenile fiction.
650 #0 - SUBJECT ADDED ENTRY--TOPICAL TERM
Topical term or geographic name entry element Young adult fiction.
942 ## - ADDED ENTRY ELEMENTS (KOHA)
Source of classification or shelving scheme
Koha item type Books - Fiction
Holdings
Withdrawn status Lost status Source of classification or shelving scheme Damaged status Not for loan Collection code Permanent Location Current Location Shelving location Date acquired Total Checkouts Full call number Barcode Date due Date last seen Date last checked out Price effective from Koha item type
          Fiction KH8 Senior School Library KH8 Senior School Library Fiction 2021-05-28 3 FIC BER 3KHSL000101806 2023-03-01 2023-02-13 2023-02-13 2021-05-28 Books - Fiction

Powered By KH8 IT Dept